Trophées du Tournoi des Six Nations. - Statistiques

Statistiques générales
  • Ce quiz a été pris 94 fois
    16 depuis la dernière actualisation
  • Le résultat moyen est 38 sur 60
Statistiques - réponses
Question Tuile Select % Correct
Calcutta Cup Irlande Non
93%
Triple couronne Italie Non
93%
Calcutta Cup Pays de Galles Non
93%
Trophée Giuseppe-Garibaldi Angleterre Non
87%
Calcutta Cup Ecosse Oui
87%
Trophée Eurostar Ecosse Non
87%
Triple couronne France Non
87%
Trophée Eurostar Italie Non
87%
Doddie Weir Cup Angleterre Non
80%
Triple couronne Ecosse Oui
80%
Trophée Eurostar Irlande Non
80%
Trophée Giuseppe-Garibaldi Irlande Non
80%
Calcutta Cup Italie Non
80%
Centenary Quaich Italie Non
80%
Doddie Weir Cup Italie Non
80%
Trophée Eurostar Pays de Galles Non
80%
Trophée Giuseppe-Garibaldi Pays de Galles Non
80%
Trophée Eurostar Angleterre Oui
73%
Trophée Auld Alliance Angleterre Non
73%
Trophée Giuseppe-Garibaldi Ecosse Non
73%
Centenary Quaich France Non
73%
Trophée Eurostar France Oui
73%
Trophée Giuseppe-Garibaldi France Oui
73%
Millenium Trophy Italie Non
73%
Triple couronne Angleterre Oui
67%
Trophée Solidarité Angleterre Non
67%
Millenium Trophy Ecosse Non
67%
Trophée Solidarité Ecosse Non
67%
Cuttitta Cup France Non
67%
Triple couronne Irlande Oui
67%
Cuttitta Cup Irlande Non
67%
Trophée Giuseppe-Garibaldi Italie Oui
67%
Calcutta Cup Angleterre Oui
60%
Trophée Auld Alliance Ecosse Oui
60%
Calcutta Cup France Non
60%
Doddie Weir Cup France Non
60%
Trophée Auld Alliance Italie Non
60%
Trophée Solidarité Italie Non
60%
Trophée Auld Alliance Pays de Galles Non
60%
Cuttitta Cup Pays de Galles Non
60%
Centenary Quaich Angleterre Non
53%
Cuttitta Cup Angleterre Non
53%
Millenium Trophy France Non
53%
Trophée Solidarité France Oui
53%
Centenary Quaich Irlande Oui
53%
Trophée Auld Alliance Irlande Non
53%
Triple couronne Pays de Galles Oui
53%
Doddie Weir Cup Pays de Galles Oui
53%
Trophée Solidarité Pays de Galles Non
53%
Doddie Weir Cup Ecosse Oui
47%
Cuttitta Cup Ecosse Oui
47%
Doddie Weir Cup Irlande Non
47%
Millenium Trophy Pays de Galles Non
40%
Centenary Quaich Pays de Galles Non
40%
Millenium Trophy Irlande Oui
33%
Cuttitta Cup Italie Oui
33%
Millenium Trophy Angleterre Oui
27%
Centenary Quaich Ecosse Oui
27%
Trophée Solidarité Irlande Oui
27%
Trophée Auld Alliance France Oui
13%
Aucun quiz correspondant
Distribution des résultats
% des personnes avec chaque résultat
Percentile par nombre de réponses
Votre historique - résultats
Vous n’avez pas pris ce quiz depuis la dernière actualisation